000
00251nam a2200109Ia 4500
008
201217s9999 xx 000 0 und d
100
_a
Rawson, K J, Tupper,E.C
245
0
_a
Basic Ship Theory
260
_a
London
_b
Longman
300
_a
623
942
_c
BK
999
_c
8157
_d
8157